| 000 | 00365nam a22001457a 4500 | ||
|---|---|---|---|
| 020 | _a978-1-107-68588-8 | ||
| 082 |
_a030 _bJON/C |
||
| 100 | _aJONES, DANIEL | ||
| 245 | _aCAMBRIDGE ENGLISH PRONOUNCING DICTIONARY | ||
| 250 | _aEIGHTEENTH EDITION | ||
| 260 |
_aDELHI _bCAMBRIDGE UNIVERSITY PRESS _c2015 |
||
| 300 | _a580 | ||
| 650 |
_aDICTIONARY _zINDIA |
||
| 942 | _cBK | ||
| 999 |
_c2022 _d2022 |
||